| 000 | 00365 a2200157 4500 | ||
|---|---|---|---|
| 010 | _b8130706148 | ||
| 024 | _a9798130706145 | ||
| 082 | _a341 | ||
| 090 |
_c993 _d993 |
||
| 100 | _aBriely J.L. | ||
| 245 |
_aThe Law of Nations _cJ.L. Brierly |
||
| 260 |
_aNew Delhi _bCosmo Publications _c2007 |
||
| 300 | _a228 | ||
| 500 | _aPaper Cover | ||
| 942 |
_aNBS _cBK _k341 |
||
| 999 |
_c343531 _d343531 |
||